Mort subite - Présents à Notre-Dame le 7/12/2024 - Statistiques

Statistiques générales
  • Ce quiz a été pris 76 fois
  • Le résultat moyen est 3 sur 36
Answers on the Grid
Answers color-coded by a green-red scale on the quiz's grid according to % correct below.
Donald Trump
Emmanuel Macron
Felipe VI d'Espagne
Albert II de Monaco
William d'Angleterre
Mohammed VI du Maroc
Abdallah II de Jordanie
Philippe de Belgique
Henri de Luxembourg
Sonja de Norvège
Joe Biden
Elon Musk
Frank-Walter Steinmeir (Allemagne)
Roumen Radev (Bulgarie)
Zoran Milanovic (Croatie)
Alar Karis (Estonie)
Alexander Stubb (Finlande)
Salomé Zourabichvili (Géorgie)
Ekaterini Sakellaropoulou (Grèce)
Sergio Mattarella (Italie)
Vjosa Osmani (Kosovo)
Gitanas Nauséda (Lituanie)
Andrzej Duda (Pologne)
Volodymyr Zelensky (Ukraine)
Nikol Pachinian (Arménie)
Milos Vucevic (Serbie)
Roberta Metsola
Denis Sassou Nguesso (Congo)
Félix Tshisekedi (RD Congo)
Brice Oligui Nguema (Gabon)
Umaro Sissoco Embaló (Guinée-Bissau)
Faure Gnassingbe (Togo)
Pape François
Vladimir Poutine (Russie)
Alexander Van der Bellen (Autriche)
Níkos Christodoulídis (Chypre)
Frédéric X du Danemark
Tamás Sulyok (Hongrie)
Michael D. Higgins (Irlande)
Edgars Rinkēvičs (Lettonie)
Myriam Spiteri Debono (Malte)
Willem-Alexander des Pays-Bas
Marcelo Rebelo de Sousa (Portugal)
Petr Pavel (Tchéquie)
Klaus Iohannis (Roumanie)
Peter Pellegrini (Slovaquie)
Nataša Pirc Musar (Slovénie)
Carl XVI Gustaf de Suède
Justin Trudeau (Canada)
Cyril Ramaphosa (Afrique du Sud)
Gabriel Boric (Chili)
Nicolas Sarkozy
François Hollande
Bernadette Chirac
Jean d'Orléans
Mireille Mathieu
Ursula Von der Layen
Bernard Arnault
Jean-Charles de Castelbajac
Thierry Burkhard
 
Statistiques - réponses
Réponse % Correct
Albert II de Monaco
40%
Bernard Arnault
40%
Donald Trump
40%
François Hollande
40%
Abdallah II de Jordanie
20%
Ekaterini Sakellaropoulou (Grèce)
20%
Elon Musk
20%
Emmanuel Macron
20%
Félix Tshisekedi (RD Congo)
20%
Nicolas Sarkozy
20%
William d'Angleterre
20%
Alar Karis (Estonie)
0%
Alexander Stubb (Finlande)
0%
Andrzej Duda (Pologne)
0%
Brice Oligui Nguema (Gabon)
0%
Denis Sassou Nguesso (Congo)
0%
Faure Gnassingbe (Togo)
0%
Felipe VI d'Espagne
0%
Frank-Walter Steinmeir (Allemagne)
0%
Gitanas Nauséda (Lituanie)
0%
Henri de Luxembourg
0%
Jean-Charles de Castelbajac
0%
Jean d'Orléans
0%
Milos Vucevic (Serbie)
0%
Mohammed VI du Maroc
0%
Nikol Pachinian (Arménie)
0%
Philippe de Belgique
0%
Roberta Metsola
0%
Roumen Radev (Bulgarie)
0%
Salomé Zourabichvili (Géorgie)
0%
Sergio Mattarella (Italie)
0%
Sonja de Norvège
0%
Umaro Sissoco Embaló (Guinée-Bissau)
0%
Vjosa Osmani (Kosovo)
0%
Volodymyr Zelensky (Ukraine)
0%
Zoran Milanovic (Croatie)
0%
Aucun quiz correspondant
Distribution des résultats
% des personnes avec chaque résultat
Percentile par nombre de réponses
Votre historique - résultats
Vous n’avez pas pris ce quiz